000 01374nam0a2200301 4500
001 RU\NLR\b_ik\132507
005 20250616225630.0
035 _a(NLR Aleph) 002205852
090 _a3102565
_c3102565
100 _a20050721d2004 |||y0rusy50 ca
101 0 _aeng
_drus
102 _aRU
105 _aa |||||||||
200 1 _aOn the method of difference potentials
_fV. Ryaben'kiy
210 _aМосква
_c[б.и.]
_d2004
215 _a16 с.
_cил.
_d21
225 1 _aПрепринт
_fРос. акад. наук, Ин-т прикладной математики им. М.В. Келдыша
_vN 59
300 _aНа обороте тит. л.: О методе разностных потенциалов / В.С. Рябенький
300 _aРез. на рус. яз.
320 _aБиблиогр.: с. 16 (3 назв.)
517 0 _aО методе разностных потенциалов
606 1 _aМатематическая физика
_xДифференциальные уравнения с частными производными
_xРешение
_xРазностных потенциалов метод
_92265691
_3RU\NLR\AUTH\661358229
686 4 _aВ192.162
700 1 _aRjaben'kij
_bV. S.
_gViktor Solomonovič
_4070
801 0 _aRU
_bNLR
_c20050721
_gPSBO
942 _cBOOK
980 _aNB